LEADER 02153nas 2200505-- 450 001 9910896089403321 005 20260218113036.0 035 $a(CKB)110985822452098 035 $a(CONSER)---77648915- 035 $a(DE-599)ZDB2130665-5 035 $a(DE-599)2130665-5 035 $a(EXLCZ)99110985822452098 100 $a20751019b19682002 -a- b 101 0 $aspa 181 $ctxt$2rdacontent 182 $cc$2rdamedia 183 $acr$2rdacarrier 200 00$aAnuario estadístico de la minería mexicana 210 $aMéxico$cConsejo de Recursos Minerales, Gerencia de Estudios Económicos, Depto. de Estadísticas Mineras 215 $a1 online resource 225 1 $a<2000->: Publicación 300 $aAt head of title <, 1968, 1971->: Consejo de Recursos Naturales No Renovables, Departamento de Estudios Económicos; 1969- : Consejo de Recursos Naturales No Renovables; <, 1975->: Depto. de Estadísticas Mineras; -1985: Consejo de Recursos Minerales. 311 08$aPrint version: Anuario estadístico de la minería mexicana. 0185-8696 (DLC) 77648915 (OCoLC)1715649 410 0$aPublicación (Consejo de Recursos Minerales (Mexico)) 531 0 $aAn. estad. min. mex. 606 $aMines and mineral resources$zMexico$vStatistics$vPeriodicals 606 $aMines and mineral resources$2fast$3(OCoLC)fst01022541 606 $aBergbaustatistik$2stw 606 $aMexiko$2stw 607 $aMexico$2fast 608 $aPeriodicals.$2fast 608 $aStatistics.$2fast 615 0$aMines and mineral resources 615 7$aMines and mineral resources. 615 7$aBergbaustatistik. 615 7$aMexiko. 712 02$aConsejo de Recursos Naturales No Renovables (Mexico).$bDepartamento de Estudios Económicos. 712 02$aConsejo de Recursos Naturales No Renovables (Mexico) 712 02$aConsejo de Recursos Minerales (Mexico).$bDepartamento de Estadi?sticas Mineras. 712 02$aConsejo de Recursos Minerales (Mexico) 906 $aJOURNAL 912 $a9910896089403321 920 $aexl_impl conversion 996 $aAnuario estadístico de la minería mexicana$94248103 997 $aUNINA